Európsky preukaz zdravotného poistenia a hradené služby

Európsky preukaz zdravotného poistenia slúži na úhradu potrebnej zdravotnej starostlivosti pri dočasnom pobyte v zahraničí, ako je napr. dovolenka, pracovná cesta alebo štúdium.

Salvato in:
Dettagli Bibliografici
Autore principale: Palušová, Janka
Natura: Capitolo di libro
Lingua:slovacco
Soggetti:
Tags: Aggiungi Tag
Nessun Tag, puoi essere il primo ad aggiungerne!!

MARC

LEADER 00000naa a2200000 4500
001 0194021
005 20231120134421.4
041 0 |a slo 
044 |a SK 
245 1 0 |a Európsky preukaz zdravotného poistenia a hradené služby  |c Janka Palušová 
520 |a Európsky preukaz zdravotného poistenia slúži na úhradu potrebnej zdravotnej starostlivosti pri dočasnom pobyte v zahraničí, ako je napr. dovolenka, pracovná cesta alebo štúdium. 
610 2 0 |a Európska únia 
610 2 0 |a starostlivosť zdravotná 
610 2 0 |a poistenie zdravotné 
100 1 |a Palušová, Janka